000 00363nam a22001457a 4500
003 OSt
005 20160802150441.0
008 160802b xxu||||| |||| 00| 0 eng d
020 _a0697211592
040 _cN/A
100 _aTrudy Mckee.... at al
245 _aBiochemistry
_bAn introduction
260 _aBoston
_bWm C. Brown publishers
_c1996
942 _2lcc
_cBK
999 _c254904
_d254903